000 00500nam a22001577a 4500
999 _c11832
_d11832
008 210112b ||||| |||| 00| 0 eng d
082 0 0 _a621.3133
_bS2741
100 _9202
_aSay, M. G.
245 1 0 _aThe performance and design of alternating current machines : transformers, three-phase induction motors and synchronous machines
_cBy M. G. Say
250 _a3rd ed.
260 _aLondon
_bPitman
_c1961
300 _axxi,664 p.
365 _d10.80
650 0 _aElectric Transformers
942 _cBK